000 00805nabaa22001817a 4500
999 _c6109
_d6109
003 OSt
005 20260122091723.0
008 190701b xxu||||| |||| 00| 0 spa d
040 _cPJ
100 _94410
_aSalgan Ruiz, Leandro G.
245 1 0 _aTutela de los bienes del dominio público portuario :
_btitularidad, jurisdicción y poder de policía en el federalismo concertado /
_cLeandro Salgan Ruiz.
300 _ap. 203-208
505 _aSumario: I. Introducción.— II. Desarrollo.— III. Conclusiones.
505 _t¿Te interesa el texto completo? Comunicate al correo: koha@justierradelfuego.gov.ar
650 0 _9211
_aDERECHO ADMINISTRATIVO
773 0 _02842
_93251
_dBuenos Aires : AbeledoPerrot, 2012-
_oDA121
_tDerecho administrativo. Nº 145 enero/febrero 2023
_z18510590
942 _2udc
_cANA